El Jinete y la espuela: notas sobre los militares y el poder político en El Salvador de post-guerra /
El artículo desarrolla las nuevas posiciones políticas , nociones militares y manifestaciones de poder, surgidas en el seno de El Salvador a partir del término de la guerra civil. Partiendo de las relaciones entre miltitares y civiles, la transición política, la fuerza de los movimientos sociales, e...
Uloženo v:
| Hlavní autor: | |
|---|---|
| Médium: | Text |
| Témata: | |
| Tagy: |
Přidat tag
Žádné tagy, Buďte první, kdo vytvoří štítek k tomuto záznamu!
|
MARC
| LEADER | 00000 a a2200000 04500 | ||
|---|---|---|---|
| 001 | 12038 | ||
| 003 | |||
| 040 | |||
| 100 | |a Huezo Mixco, Miguel | ||
| 245 | |a El Jinete y la espuela: |b notas sobre los militares y el poder político en El Salvador de post-guerra / |c Miguel Huezo Mixco | ||
| 520 | |a El artículo desarrolla las nuevas posiciones políticas , nociones militares y manifestaciones de poder, surgidas en el seno de El Salvador a partir del término de la guerra civil. Partiendo de las relaciones entre miltitares y civiles, la transición política, la fuerza de los movimientos sociales, el nuevo aparato para el uso legítimo de la fuerza y el impacto en los grupos de izquierda |a el autor reconstruye situaciones que enfrentó la población salvadoreña. Finalmente, concluye el documento con una interrogantesobre el futuro de El Salvador de post-guerra, ante la incertidumbre del papel actual de la Fuerza Armada de El Salvador (FAES) | ||
| 650 | |a ACTIVIDAD MILITAR | ||
| 650 | |a PODER POLITICO | ||
| 650 | |a MOVIMIENTOS SOCIALES | ||
| 650 | |a CULTURA POLITICA | ||
| 650 | |a ANALISIS HISTORICO | ||
| 650 | |a EL SALVADOR | ||
| 773 | |g número 1 Nueva época; páginas 89-101 | ||
| 999 | |c 27691 |d 27691 | ||
